[Event "41st Rubinstein Mem Open A"]
[Site "Polanica Zdroj POL"]
[Date "2005.08.27"]
[Round "9"]
[White "Jaracz,B"]
[Black "Zawadzki,S"]
[Result "1/2-1/2"]
[WhiteElo "2251"]
[BlackElo "2396"]

1.e4 c5 2.Nf3 d6 3.d4 cxd4 4.Nxd4 Nf6 5.Nc3 Nc6 6.Bg5 e6 7.Qd2 a6 8.O-O-O h6
9.Nxc6 bxc6 10.Bf4 d5 11.Qe3 Qe7 12.exd5 cxd5 13.Be2 Bb7 14.Rhe1 Qc5 15.Qg3 d4
16.Na4 Qb4 17.Bf3 Nd5 18.b3 Qa3+ 19.Kb1 Nb4 20.Rxe6+ fxe6 21.Bh5+ Kd7 22.Rxd4+ Bd5
23.Nb6+ Kc6 24.Rxb4 Qxb4 25.Nxa8 Be7 26.Bd2 Qb8 27.Qxg7 Bd6 28.f3 Rg8 29.Qxh6 Rxg2
30.Qe3 Rxh2 31.Bg4 Be5 32.c4 Bxc4 33.f4 Rh1+ 34.Kc2 Bd5 35.fxe5 Qxa8 36.Bf3 Rh8  1/2-1/2

[Event "41st Rubinstein Mem Open A"]
[Site "Polanica Zdroj POL"]
[Date "2005.08.27"]
[Round "9"]
[White "Zawadzka,J"]
[Black "Czarnota,D"]
[Result "1-0"]
[WhiteElo "2402"]
[BlackElo "2238"]

1.e4 c5 2.Nf3 d6 3.d4 cxd4 4.Nxd4 Nf6 5.Nc3 Nc6 6.Bg5 e6 7.Qd2 a6 8.O-O-O Bd7
9.f3 Be7 10.h4 h6 11.Be3 h5 12.Kb1 b5 13.Nxc6 Bxc6 14.Ne2 Bb7 15.Bg5 Rc8
16.Ng3 Qb6 17.Bd3 Qc7 18.f4 Ng4 19.Bxe7 Qxe7 20.Be2 d5 21.e5 Qc5 22.Bxg4 hxg4
23.f5 d4 24.Rhe1 Bd5 25.h5 a5 26.Ne2 a4 27.Nxd4 Rxh5 28.fxe6 fxe6 29.Qd3 Rh6
30.Nxb5 Ke7 31.Nd6 Rb8 32.Rf1 a3 33.Rf7+ Kd8 34.Nb7+ Rxb7 35.Rxb7 Rh2 36.Qa6  1-0

[Event "4th Open"]
[Site "Lahijan IRI"]
[Date "2005.08.29"]
[Round "5"]
[White "Melkumyan,H"]
[Black "Mamedov,Nid"]
[Result "1/2-1/2"]
[WhiteElo "2335"]
[BlackElo "2463"]

1.e4 c5 2.Nf3 d6 3.d4 cxd4 4.Nxd4 Nf6 5.Nc3 Nc6 6.Bg5 e6 7.Qd2 a6 8.f4 h6
9.Bxf6 Qxf6 10.Nf3 Qd8 11.O-O-O Qc7 12.Kb1 Bd7 13.Ne2 Be7 14.Ned4 O-O-O 15.Nxc6 Bxc6
16.Qe3 Bf6 17.Bd3 Kb8 18.h4 Qa5 19.c3 Qc5 20.Qxc5 dxc5 21.Bc2 Kc7 22.Kc1 Rxd1+
23.Kxd1 Rd8+ 24.Ke2 h5  1/2-1/2

[Event "4th Open"]
[Site "Lahijan IRI"]
[Date "2005.08.30"]
[Round "7"]
[White "Guseinov,G"]
[Black "Mamedov,Nid"]
[Result "1/2-1/2"]
[WhiteElo "2585"]
[BlackElo "2463"]

1.e4 c5 2.Nf3 d6 3.d4 cxd4 4.Nxd4 Nf6 5.Nc3 Nc6 6.Bg5 e6 7.Qd2 a6 8.O-O-O Bd7
9.f4 b5 10.Bxf6 gxf6 11.Kb1 Qb6 12.Nxc6 Bxc6 13.f5 O-O-O 14.Bd3 Be7 15.Qe2 Rde8
16.Qh5 Ref8 17.Rhe1 Bd7 18.g3 Bd8 19.Ne2 Qc5 20.Nf4 Rhg8 21.Bf1 Rg7 22.Qh6 Rgg8
23.Qh5 Rg5 24.Qh6 Rgg8 25.Bh3 Re8 26.Qh5 Rgf8 27.Bg4 b4 28.Qh3 Qe5 29.Nd3 Qa5
30.Nf4 Qe5 31.Qf1 Kb7 32.Qc4 Ba5 33.Nd3 Qb5 34.Qd4 b3 35.c3 Qa4 36.Nc5+ dxc5
37.Qxd7+ Qxd7 38.Rxd7+ Kc6 39.Red1 bxa2+ 40.Kxa2 Bc7 41.fxe6 fxe6 42.Rxh7 Rh8
43.Rxh8 Rxh8 44.Rd2 Re8 45.Kb3 Be5 46.Kc4 Re7 47.Bd1 Bd6 48.Bg4 Be5 49.Rd8 Rh7
50.h3 Rb7 51.Rd2 Rc7 52.Rf2 Kd6 53.Kd3 Rg7 54.Kc2 Rg5 55.Rd2+ Ke7 56.Rd3 c4
57.Re3 a5 58.Kb1 Bd6 59.Kc2 Bc5 60.Re2 Bd6 61.Re3 Bc5  1/2-1/2

[Event "Paul Keres Mem A"]
[Site "Tallinn EST"]
[Date "2005.08.30"]
[Round "1"]
[White "Rytshagov,M"]
[Black "Smirnov,Arte"]
[Result "1-0"]
[WhiteElo "2455"]
[BlackElo "2405"]

1.e4 c5 2.Nf3 Nc6 3.d4 cxd4 4.Nxd4 Nf6 5.Nc3 d6 6.Bg5 e6 7.Qd2 Be7 8.O-O-O Qb6
9.Be2 Qxd4 10.Qxd4 Nxd4 11.Rxd4 a6 12.Bxf6 Bxf6 13.Rxd6 Bd7 14.f4 g5 15.Rhd1 Bc6
16.Bh5 Ke7 17.e5 Bg7 18.g3 gxf4 19.gxf4 Bh6 20.Ne2 Rhd8 21.Rxd8 Rxd8 22.Rxd8 Kxd8
23.Kd2 Ke7 24.Ke3 b6 25.Nd4 Bd7 26.Be2 b5 27.Bd3 f5 28.exf6+ Kxf6 29.Nf3 Bf8
30.Bxh7 Bc5+ 31.Kd3 Be8 32.Ne5 Bg1 33.Be4 Bh5 34.h3 Bh2 35.Ke3 Bg1+ 36.Kd2 Bh2
37.Nd3 Bg1 38.c3 Be8 39.b4 Bb6 40.Ne5 Bc7 41.Ke3 Bb6+ 42.Kd3 Bc7 43.a3 Kg7
44.Bb7 a5 45.bxa5 Bxa5 46.Bc6 Bg6+ 47.Kd2 Bf5 48.h4 Kh6 49.Bxb5 Kh5 50.Bd3 Bh3
51.Nc6 Bc7 52.Ke3 Kxh4 53.Nd4 Kg3 54.f5 Bb6 55.fxe6 Bxe6 56.a4 Bc8 57.Bb5 Bb7
58.c4 Kg4 59.Kd3 Kf4 60.c5 Ba5 61.Nb3 Bc7 62.c6 Bc8 63.Kd4 Be6 64.Bc4 Bb6+
65.Kc3 Bc8 66.a5 Bf2 67.Kb4 Ke5 68.Nc5 Be1+ 69.Kb5 Kd6 70.a6 Bxa6+ 71.Nxa6 Bf2
72.c7  1-0

[Event "4th Open"]
[Site "Lahijan IRI"]
[Date "2005.09.01"]
[Round "9"]
[White "Mahjoob,M"]
[Black "Babaev,Ra"]
[Result "0-1"]
[WhiteElo "2442"]
[BlackElo "2449"]

1.e4 c5 2.Nf3 d6 3.d4 cxd4 4.Nxd4 Nf6 5.Nc3 Nc6 6.Bg5 e6 7.Qd2 a6 8.O-O-O Bd7
9.f4 b5 10.Nxc6 Bxc6 11.Qe3 Be7 12.Bxf6 Bxf6 13.e5 Be7 14.exd6 Bxd6 15.Ne4 Bxe4
16.Qxe4 O-O 17.Bd3 g6 18.h4 Qf6 19.Rdf1 Rfd8 20.g4 Bf8 21.f5 exf5 22.gxf5 Bg7
23.c3 Qd6 24.Bc2 b4 25.fxg6 fxg6 26.h5 bxc3 27.hxg6 h6 28.Kb1 Rab8 29.Qc4+ Kh8
30.Rxh6+ Bxh6 31.Qf7 Rd7 32.g7+ Bxg7 33.Qf5 Bh6 34.Rh1 Rxb2+ 35.Ka1 Rxc2
36.Qxc2 Qf6  0-1

[Event "TCh-POL Ekstraliga"]
[Site "Lubniewice POL"]
[Date "2005.09.04"]
[Round "2"]
[White "Nurkiewicz,M"]
[Black "Bielczyk,J"]
[Result "1-0"]
[WhiteElo "2387"]
[BlackElo "2346"]

1.e4 c5 2.Nf3 Nc6 3.d4 cxd4 4.Nxd4 Nf6 5.Nc3 d6 6.Bg5 e6 7.Qd2 a6 8.f3 h6
9.Be3 Bd7 10.O-O-O Qc7 11.Kb1 Rc8 12.g4 Na5 13.h4 Be7 14.Rg1 b5 15.Rc1 Nc4
16.Bxc4 Qxc4 17.g5 hxg5 18.hxg5 Nh5 19.g6 Bf6 20.gxf7+ Kxf7 21.f4 Nxf4 22.e5 dxe5
23.Nf5 Qc6 24.Nd6+ Ke7 25.Nce4 Rc7 26.Nxf6  1-0

[Event "IX Taca BCX"]
[Site "Brasiliat BRA"]
[Date "2005.09.09"]
[Round "7"]
[White "Matsuura,E"]
[Black "Lima,Da"]
[Result "1/2-1/2"]
[WhiteElo "2453"]
[BlackElo "2535"]

1.e4 c5 2.Nf3 d6 3.d4 cxd4 4.Nxd4 Nf6 5.Nc3 Nc6 6.Bg5 e6 7.Qd2 Be7 8.O-O-O O-O
9.f4 h6 10.Bh4 e5 11.Nf5 Bxf5 12.exf5 exf4 13.Qxf4 d5 14.Kb1 d4 15.Bxf6 Bxf6
16.Ne4 Be5 17.Qg4 Nb4 18.Bc4 Qc8 19.Qe2 Qxf5 20.Rdf1 Qg6 21.Nc5 Qd6 22.Nxb7 Qc7
23.a3 Nc6 24.Nc5 Na5 25.Rxf7 Rxf7 26.Bxf7+ Kxf7 27.Qf3+ Ke7 28.Qxa8 Qxc5
29.Rf1 Qb5 30.Qf8+ Ke6 31.Qf7+ Kd6 32.Qf8+ Ke6 33.Qf7+ Kd6 34.Qf8+ Ke6  1/2-1/2

[Event "TCh-FIN 2005-6"]
[Site "Turku FIN"]
[Date "2005.09.10"]
[Round "1"]
[White "Pulkkinen,K"]
[Black "Sorsa,N"]
[Result "1-0"]
[WhiteElo "2326"]
[BlackElo "2231"]

1.e4 c5 2.Nf3 d6 3.d4 cxd4 4.Nxd4 Nf6 5.Nc3 Nc6 6.Bg5 e6 7.Qd2 a6 8.O-O-O h6
9.Nxc6 bxc6 10.Bf4 d5 11.Qe3 Be7 12.Be2 Bb7 13.Qg3 Kf8 14.Rhe1 Kg8 15.Bc7 Qf8
16.exd5 cxd5 17.Bd3 Rc8 18.Be5 Nd7 19.Bd4 Nb8 20.f4 Nc6 21.Bg1 Bf6 22.f5 Nb4
23.Kb1 Qd8 24.fxe6 fxe6 25.Qg4 Nxd3 26.Qxe6+ Kh7 27.Qf5+ g6 28.Qxd3 Bxc3
29.bxc3 Qd7 30.c4 Bc6 31.Qa3 Rhe8 32.Qxa6 Rb8+ 33.Kc1  1-0

[Event "TCh-FIN 2005-6"]
[Site "Tampere FIN"]
[Date "2005.09.11"]
[Round "2"]
[White "Nyysti,S"]
[Black "Lehtioksa,J"]
[Result "1-0"]
[WhiteElo "2344"]
[BlackElo "2174"]

1.e4 c5 2.Nf3 Nc6 3.d4 cxd4 4.Nxd4 Nf6 5.Nc3 d6 6.Bg5 Bd7 7.Qd2 Rc8 8.O-O-O Nxd4
9.Qxd4 Qa5 10.Bd2 a6 11.Kb1 Qc5 12.Qxc5 Rxc5 13.Be3 Rc8 14.f3 e6 15.Ne2 d5
16.e5 Ng8 17.f4 f6 18.exf6 Nxf6 19.g3 Ng4 20.Bd4 Kf7 21.Nc1 Bd6 22.Bg2 b5
23.Nd3 Rhf8 24.Bf3 Nh6 25.Ne5+ Bxe5 26.Bxe5 Kg8 27.Rd3 Nf7 28.Bc3 Rfe8 29.Rhd1 Nd6
30.Bb4 Nc4 31.Bc3 Bc6 32.b3 Nd6 33.Kb2 Ne4 34.Bxe4 dxe4 35.Rd6 Kf7 36.Be5 a5
37.c3 g6 38.Kc2 Re7 39.R1d4 Ra7 40.Kd2 a4 41.b4 Bd5 42.R4xd5 exd5 43.Rxd5 Rb7
44.Ke3 Rc4 45.Bd4 Rcc7 46.Rd8 h5 47.h3 Re7 48.Rd5 Red7 49.Rc5 Re7 50.g4 hxg4
51.hxg4 Kf8 52.Rc6 Rh7 53.Rxg6 Rh2 54.Kxe4 Rxa2 55.g5 Re7+ 56.Kd5 Rf7 57.Bc5+ Ke8
58.Kc6 Rf5 59.Rg7 Re2 60.g6 Re6+ 61.Kxb5 Rxf4 62.Kxa4 Rff6 63.Rg8+ Kd7 64.g7 Rg6
65.Bd4 Re7 66.Ra8 Re8 67.Ra7+ Kc8 68.b5 Kb8 69.Rf7 Kc8 70.b6 Rg5 71.b7+ Kb8
72.Rf8  1-0

[Event "ch-IRI"]
[Site "Tehran IRI"]
[Date "2005.09.11"]
[Round "1"]
[White "Mahjoob,M"]
[Black "Darban,M"]
[Result "1/2-1/2"]
[WhiteElo "2442"]
[BlackElo "2397"]

1.e4 c5 2.Nf3 d6 3.d4 cxd4 4.Nxd4 Nf6 5.Nc3 Nc6 6.Bg5 h6 7.Bh4 e6 8.Nb3 a6
9.Qe2 Be7 10.O-O-O b5 11.a3 Qc7 12.f4 Bb7 13.g4 b4 14.axb4 Nxb4 15.Bg2 Rc8
16.Rd4 d5 17.Bxf6 Qxf4+ 18.Kb1 Qxf6 19.exd5 Nxd5 20.Nxd5 exd5 21.Bxd5 Bxd5
22.Rxd5 O-O 23.Rf1 Qc6 24.Ra5 Qc4 25.Qxc4 Rxc4 26.h3 Rc6 27.Ra4 Rb6 28.Nd2 Rfb8
29.Nc4 Re6 30.Rf3 Rb5 31.Re3 Rxe3 32.Nxe3 a5 33.Nc4 Bd8 34.c3 Bc7 35.Kc2 g6
36.Ne3 Kg7 37.Re4 Kf6 38.c4 Rc5 39.Kd3 Kg5 40.Nd5 Bd6 41.Re8 Kh4 42.Re3 h5
43.gxh5 Kxh5 44.Re8 Kh4 45.Rh8+ Kg3 46.Nf6 Rc6 47.Ne4+ Kg2 48.Kd4 Ra6 49.Kd5 Bh2
50.c5 f5 51.Ng5 a4 52.Rg8 Bf4 53.Ne6 Bc1 54.Rxg6+ Kh2 55.c6 Ra8 56.c7 Bxb2
57.Nc5 a3 58.Rb6 Rc8 59.Kd6 Kxh3 60.Ra6 f4 61.Kd7 Rxc7+ 62.Kxc7 f3 63.Nd3 Kg2
64.Ra8 f2 65.Rg8+ Kf3 66.Rf8+ Ke2  1/2-1/2

[Event "ch-NED w"]
[Site "Leeuwarden NED"]
[Date "2005.09.12"]
[Round "6"]
[White "Muhren,B"]
[Black "Bensdorp,L"]
[Result "1-0"]
[WhiteElo "2269"]
[BlackElo "2108"]

1.e4 c5 2.Nf3 d6 3.d4 cxd4 4.Nxd4 Nf6 5.Nc3 Nc6 6.Bg5 e6 7.Qd2 a6 8.O-O-O Bd7
9.f3 Be7 10.Kb1 b5 11.h4 h5 12.Nxc6 Bxc6 13.Ne2 Qb6 14.Ng3 Qb7 15.Bd3 O-O-O
16.Qf2 Kb8 17.Rhe1 Rc8 18.Bf1 Qc7 19.Rc1 Bb7 20.c4 b4 21.Qd2 a5 22.Ne2 Ne8
23.Nd4 Bxg5 24.hxg5 g6 25.Nb5 Qc5 26.Red1 Rc6 27.Qf4 Rh7 28.Nd4 Rc8 29.Nb5 Rc6
30.Nd4 Rc8 31.Nb3 Qa7 32.e5 d5 33.Qd4 a4 34.Qxa7+ Kxa7 35.Nd4 Nc7 36.b3 axb3
37.axb3 Rhh8 38.Kb2 Kb8 39.c5 Ba6 40.Nc6+ Kb7 41.Nxb4 Bxf1 42.Rxf1 h4 43.Rh1 Rh5
44.f4 Rch8 45.Rh3 Rc8 46.Nc2 Nb5 47.b4 Ra8 48.Rch1 Rah8 49.Kb3 Kc6 50.Ra1 Kb7
51.Ra5 Nc7 52.Nd4 Ra8 53.Rxa8 Kxa8 54.b5 Kb7 55.Kb4 Rh8 56.Rc3 Ra8 57.b6 Ne8
58.Kb5 Ra1 59.c6+ Kc8 60.c7 Rb1+ 61.Nb3  1-0

[Event "EYb16"]
[Site "Herceg Novi SCG"]
[Date "2005.09.14"]
[Round "1"]
[White "Fragakis,E"]
[Black "Nestorovic,N"]
[Result "1-0"]
[WhiteElo "2100"]
[BlackElo "2152"]

1.e4 c5 2.Nf3 d6 3.d4 cxd4 4.Nxd4 Nf6 5.Nc3 Nc6 6.Bg5 e6 7.Qd2 Be7 8.O-O-O O-O
9.f3 Nxd4 10.Qxd4 a6 11.e5 dxe5 12.Qxe5 Bd7 13.Bd3 Rc8 14.Ne4 Nd5 15.Bxe7 Qxe7
16.Nd6 Rc5 17.Nxb7 Rc7 18.Nd6 f6 19.Qg3 Rb8 20.Rhe1 e5 21.Bc4 Be6 22.Bxd5 Qxd6
23.Bb3 Qc6 24.Bxe6+ Qxe6 25.b3 Rbc8 26.Rd2 a5 27.Qg4 f5 28.Qh4 h6 29.Rd8+ Kh7
30.Rxc8 Rxc8 31.Qf4 Rc5 32.Qe3 Qc6 33.Qd3 Qf6 34.Kb1 a4 35.b4 e4 36.fxe4 Re5
37.a3 Qh4 38.Qg3 Qe7 39.Rf1 fxe4 40.Qe3 Qe6 41.Rd1 Qc4 42.Kb2 Rd5 43.Re1 Re5
44.Qc3 Qe6 45.Re3 Rd5 46.Qc4 Qe5+ 47.c3 Rd2+ 48.Kc1 Qd6 49.Qxe4+ Kh8 50.Qf3 Qd7
51.Re8+ Qxe8 52.Kxd2 Qe6 53.Qa8+ Kh7 54.Qxa4 Qd5+ 55.Kc1  1-0

[Event "EYb18"]
[Site "Herceg Novi SCG"]
[Date "2005.09.14"]
[Round "1"]
[White "Nithander,V"]
[Black "Czarnota,P"]
[Result "1/2-1/2"]
[WhiteElo "2232"]
[BlackElo "2461"]

1.e4 c5 2.Nf3 Nc6 3.d4 cxd4 4.Nxd4 Nf6 5.Nc3 d6 6.Bg5 Bd7 7.Qd2 Rc8 8.O-O-O Nxd4
9.Qxd4 Qa5 10.Bxf6 gxf6 11.Kb1 Qc5 12.f4 Qxd4 13.Rxd4 f5 14.Rb4 b6 15.Ba6 Rc5
16.exf5 Bxf5 17.Ne4 Bxe4 18.Rxe4 e6 19.c4 Bg7 20.Rd1 Ke7 21.b4 Rc7 22.g4 Rg8
23.Rd3 h6 24.h4 Bh8 25.g5 hxg5 26.hxg5 f5 27.Re1 Bg7 28.c5 Rd8  1/2-1/2

[Event "ProMoPro Open"]
[Site "Prague CZE"]
[Date "2005.09.16"]
[Round "2"]
[White "Cernousek,L"]
[Black "Mazoch,J"]
[Result "1-0"]
[WhiteElo "2375"]
[BlackElo "2111"]

1.e4 c5 2.Nf3 d6 3.d4 cxd4 4.Nxd4 Nf6 5.Nc3 Nc6 6.Bg5 e6 7.Qd2 a6 8.O-O-O h6
9.Nxc6 bxc6 10.Bf4 d5 11.Qe3 Qa5 12.Be2 Bb4 13.Be5 dxe4 14.Qg3 Bxc3 15.Bc7 Bxb2+
16.Kxb2 Qb4+ 17.Ka1 Nd5 18.Qxg7 Rf8 19.Be5 Qa3 20.c4 Bd7 21.cxd5 cxd5 22.Rc1 Bb5
23.Bb2 Qa5 24.Bc3 Qa3 25.Rb1 Bxe2 26.Bb4 Qa4 27.Qxf8+ Kd7 28.Qxa8  1-0

[Event "Open"]
[Site "Bucharest ROM"]
[Date "2005.09.18"]
[Round "2"]
[White "Mosnegutu,M"]
[Black "Murariu,A"]
[Result "1-0"]
[WhiteElo "2227"]
[BlackElo "2435"]

1.e4 c5 2.Nf3 Nc6 3.d4 cxd4 4.Nxd4 Nf6 5.Nc3 d6 6.Bg5 Bd7 7.Qd2 Rc8 8.O-O-O Nxd4
9.Qxd4 Qa5 10.Bxf6 gxf6 11.Kb1 Qc5 12.Be2 Rg8 13.g3 e6 14.f4 Qxd4 15.Rxd4 Rc5
16.Rhd1 h5 17.R4d3 Be7 18.a3 h4 19.g4 a6 20.Rh3 Rh8 21.Rhd3 Rc8 22.f5 Rc5
23.b4 Re5 24.Rd4 Bc6 25.Bf3 a5 26.Kb2 axb4 27.axb4 Kd7 28.Be2 Kc7 29.Rc4 Kb8
30.Rcd4 Rc8 31.Ra1 Be8 32.Bf1 Rd8 33.Rad1 Bf8 34.Bc4 Kc7 35.Bb3 Bh6 36.h3 Be3
37.R4d3 Ba7 38.Rf1 Bc6 39.fxe6 fxe6 40.Rxf6 Re8 41.Rf7+ Bd7 42.Ba4 Rd8 43.Nb5+ Kb8
44.Rxd6  1-0

[Event "EYb16"]
[Site "Herceg Novi SCG"]
[Date "2005.09.18"]
[Round "5"]
[White "Monsieux,C"]
[Black "Yaremko,N"]
[Result "1-0"]
[WhiteElo "2206"]
[BlackElo "2254"]

1.e4 c5 2.Nf3 Nc6 3.d4 cxd4 4.Nxd4 Nf6 5.Nc3 d6 6.Bg5 Qb6 7.Nb3 e6 8.Qd2 a6
9.O-O-O Be7 10.f3 Qc7 11.g4 b5 12.Kb1 Ne5 13.Nd4 Bd7 14.h4 h6 15.Be3 b4 16.Nce2 Nc4
17.Qc1 d5 18.e5 Nxe5 19.Rg1 Nh7 20.g5 hxg5 21.hxg5 Nf8 22.Bf4 Bd6 23.Bxe5 Bxe5
24.f4 Bd6 25.Qe3 Bc5 26.Bg2 O-O-O 27.c3 Qb6 28.cxb4 Bxb4 29.Rc1+ Kb7 30.f5 Rh4
31.Qg3 Rh8 32.Qe5 Rg8 33.g6 f6 34.Bxd5+ exd5 35.Qxd5+ Bc6 36.Qxg8 Rxd4 37.Nxd4 Qxd4
38.Qxg7+ Bd7 39.Qf7 Bd2 40.Qb3+ Ka7 41.g7 Bxc1 42.g8=Q Ba4 43.Qgd5 Qxg1 44.Qdb7+  1-0

[Event "Caissa IM September"]
[Site "Kecskemet HUN"]
[Date "2005.09.21"]
[Round "7"]
[White "Domany,Z"]
[Black "Sarosi,Z"]
[Result "1/2-1/2"]
[WhiteElo "2101"]
[BlackElo "2336"]

1.e4 c5 2.Nf3 Nc6 3.d4 cxd4 4.Nxd4 Nf6 5.Nc3 d6 6.Bg5 e6 7.Qd2 a6 8.O-O-O Nxd4
9.Qxd4 Be7 10.f4 b5 11.Bxf6 gxf6 12.Kb1 Qc7 13.Qe3 Bb7 14.f5 b4 15.Ne2 Rc8
16.Rc1 Qc5 17.Qf4 e5 18.Qh4 a5 19.c4 a4 20.Ng3 a3 21.b3 Qd4 22.Rc2 d5 23.Be2 dxe4
24.Nh5 Qb6 25.c5 Rxc5 26.Rxc5 Qxc5 27.Ng7+ Kd7 28.Rd1+ Bd6 29.Qxf6 Bd5 30.Rc1 Qb6
31.Rd1  1/2-1/2

[Event "EYb18"]
[Site "Herceg Novi SCG"]
[Date "2005.09.22"]
[Round "8"]
[White "Lanin,A"]
[Black "Brandenburg,D"]
[Result "1-0"]
[WhiteElo "2424"]
[BlackElo "2371"]

1.e4 c5 2.Nf3 d6 3.d4 cxd4 4.Nxd4 Nf6 5.Nc3 Nc6 6.Bg5 e6 7.Qd2 a6 8.O-O-O Bd7
9.f4 b5 10.Bxf6 gxf6 11.f5 Nxd4 12.Qxd4 Bh6+ 13.Kb1 Bf4 14.Ne2 Be5 15.Qd2 Qb6
16.Nf4 O-O-O 17.g3 Kb8 18.Bh3 Bc8 19.fxe6 fxe6 20.Nxe6 Rde8 21.Qd5 Bb7 22.Qd3 Re7
23.Rhf1 Rhe8 24.Nd4 Bxd4 25.Qxd4 Qxd4 26.Rxd4 Rxe4 27.Rxe4 Rxe4 28.a4 Re2
29.Rxf6 Rxh2 30.Bf5 Rh1+ 31.Ka2 Bd5+ 32.b3 Kc7 33.axb5 axb5 34.Bd3 Rh5 35.Ka3 Rg5
36.Kb4 Rxg3 37.Bxh7 Kc6 38.Bd3 Rg4+ 39.Ka5 b4 40.Rf8 Kc7 41.Re8 Bc6 42.Re7+ Kd8
43.Rh7 Be4 44.Bxe4 Rxe4 45.Kb6 d5 46.Rh5 d4 47.Rc5 Kd7 48.Rc4 Kd6 49.Kb5 Kd5
50.Kxb4 Re2 51.Rc8 Kd6 52.Kb5 Kd7 53.Rc4 Re5+ 54.Kb6 Rd5 55.b4 d3 56.cxd3 Rxd3
57.b5 Ra3 58.Kb7 Rb3 59.b6 Rb1 60.Ka7 Ra1+ 61.Kb8 Rb1 62.b7 Rb2 63.Rd4+ Kc6
64.Rc4+ Kd7 65.Ra4 Kc6 66.Ra6+ Kd7 67.Ka8 Kc7 68.Ra7  1-0

[Event "EYb16"]
[Site "Herceg Novi SCG"]
[Date "2005.09.23"]
[Round "9"]
[White "Spoelman,W"]
[Black "Yaremko,N"]
[Result "1-0"]
[WhiteElo "2365"]
[BlackElo "2254"]

1.e4 c5 2.Nf3 d6 3.d4 cxd4 4.Nxd4 Nf6 5.Nc3 Nc6 6.Bg5 Qb6 7.Be3 Qxb2 8.Ndb5 Qb4
9.Bd2 Nxe4 10.a3 Nxc3 11.axb4 Nxd1 12.Nc7+ Kd8 13.Nxa8 Nb2 14.Bc3 b6 15.b5 Na5
16.Bxa5 bxa5 17.Rxa5 Bb7 18.Rxa7 Kc8 19.b6 Kb8 20.Nc7 g6 21.Na6+ Kc8 22.Nb4 Kb8
23.Bb5  1-0

[Event "TCh-NED 2005-6"]
[Site "Netherlands NED"]
[Date "2005.09.24"]
[Round "1"]
[White "Spoelman,W"]
[Black "Van Delft,M"]
[Result "1/2-1/2"]
[WhiteElo "2365"]
[BlackElo "2369"]

1.e4 c5 2.Nf3 d6 3.d4 cxd4 4.Nxd4 Nf6 5.Nc3 Nc6 6.Bg5 e6 7.Qd2 Be7 8.O-O-O Nxd4
9.Qxd4 O-O 10.f4 Qa5 11.Bc4 Bd7 12.e5 dxe5 13.fxe5 Bc6 14.Bd2 Nd7 15.Nd5 Qc5
16.Nxe7+ Qxe7 17.Rhe1 Rfd8 18.Qg4 Nf8 19.Bd3 Rxd3 20.cxd3 Qc5+ 21.Kb1 Qd5
22.Qe4 Qd7 23.Qe2 Ng6 24.Bb4 Bd5 25.Qf2 Qa4 26.a3 Nxe5 27.Bc3 Ng6 28.Rf1 f6
29.Rc1 Rd8  1/2-1/2

[Event "2nd Highlands Open A"]
[Site "Havlickuv Brod CZE"]
[Date "2005.09.27"]
[Round "4"]
[White "Vokac,M"]
[Black "Cvek,R"]
[Result "1/2-1/2"]
[WhiteElo "2441"]
[BlackElo "2479"]

1.e4 c5 2.Nf3 Nc6 3.d4 cxd4 4.Nxd4 Nf6 5.Nc3 d6 6.Bg5 e6 7.Qd3 Be7 8.Rd1 Nxd4
9.Qxd4 O-O 10.Be2 Qa5 11.Bd2 Qc7 12.O-O a6 13.a4 Bd7 14.Bg5 Rfd8 15.Rd3 Kf8
16.Rfd1 Rac8 17.Qe3 Be8 18.Qh3 Qa5 19.Rg3 Bc6 20.Bd3 h6 21.Bd2 Qh5 22.Qxh5 Nxh5
23.Re3 Nf4 24.Bf1 g5 25.b3 Be8 26.Ne2 Rxc2 27.Nxf4 gxf4 28.Re2 Bg5 29.Bxf4 Rxe2
30.Bxg5 hxg5 31.Bxe2 Bc6 32.f3 Ke7 33.Kf2 d5 34.exd5 exd5 35.f4 f6 36.fxg5 fxg5
37.Rd4 a5 38.Ke3 Rh8 39.h3 Kf6 40.Bf3 Re8+  1/2-1/2

[Event "Iranian Super League"]
[Site "Iran IRI"]
[Date "2005.09.29"]
[Round "10"]
[White "Melkumyan,H"]
[Black "Mamedov,Nid"]
[Result "0-1"]
[WhiteElo "2379"]
[BlackElo "2463"]

1.e4 c5 2.Nf3 d6 3.d4 cxd4 4.Nxd4 Nf6 5.Nc3 Nc6 6.Bg5 e6 7.Qd2 a6 8.O-O-O Bd7
9.f3 Be7 10.h4 h6 11.Be3 h5 12.Bg5 Rc8 13.Kb1 Qc7 14.Be2 O-O 15.Rhe1 Rfd8
16.Bf1 Be8 17.g3 Ne5 18.f4 Neg4 19.Bh3 b5 20.Bxg4 Nxg4 21.Bxe7 Qxe7 22.Rf1 b4
23.Nce2 Qb7 24.Qd3 Nf6 25.e5 dxe5 26.fxe5 Ng4 27.Qb3 Nxe5 28.Nf4 Nc4 29.Nxh5 e5
30.Nf3 Rxd1+ 31.Rxd1 f6 32.g4 Bf7 33.Qd3 e4 34.Qd4 exf3 35.Nxf6+ gxf6 36.Qxf6 Qe4
37.Rc1 Qe5  0-1

[Event "Belgrade Premier League"]
[Site "Belgrade SCG"]
[Date "2005.10.02"]
[Round "2"]
[White "Carnic,D"]
[Black "Ivanovic,N"]
[Result "0-1"]
[WhiteElo "2190"]
[BlackElo "2190"]

1.e4 c5 2.Nf3 Nc6 3.d4 cxd4 4.Nxd4 Nf6 5.Nc3 d6 6.Bg5 Bd7 7.Qd2 Rc8 8.O-O-O Nxd4
9.Qxd4 Qa5 10.Be3 a6 11.f3 g6 12.Kb1 Bg7 13.Nd5 Be6 14.Qb6 Qa4 15.b3 Qd7
16.Nxf6+ Bxf6 17.Bd4 Bxd4 18.Qxd4 O-O 19.h4 Qc6 20.Rd2 Qc5 21.Qxc5 Rxc5 22.c4 Rfc8
23.Bd3 Kg7 24.Rc2 h5 25.Rhc1 g5 26.hxg5 Rxg5 27.g4 hxg4 28.f4 Rh5 29.f5 Bd7
30.Rg2 Rh4 31.Rcg1 Kf6 32.Rxg4 Rxg4 33.Rxg4 Rh8 34.Kc2 Rh2+ 35.Kc3 Rxa2 36.Rg8 Rh2
37.Rb8 Bc6 38.b4 Rh3 39.Kd2 Ke5 40.b5 axb5 41.cxb5 Rxd3+ 42.Kxd3 Bxe4+ 43.Ke3 Kxf5
44.Re8 e6 45.Kd4 e5+ 46.Kc3 d5 47.Kb4 d4 48.Rf8 f6 49.Kc5 d3 50.Kc4 Ke6 51.Kc3 f5
52.Re8+ Kf6 53.Kd2 f4 54.Rf8+ Ke6 55.Rc8 Kd5 56.Rd8+ Kc4 57.Rd6 Bd5 58.b6  0-1

[Event "FSGM October"]
[Site "Budapest HUN"]
[Date "2005.10.02"]
[Round "2"]
[White "Murariu,A"]
[Black "Wittmann,W"]
[Result "1-0"]
[WhiteElo "2441"]
[BlackElo "2376"]

1.e4 c5 2.Nf3 Nc6 3.d4 cxd4 4.Nxd4 Nf6 5.Nc3 d6 6.Bg5 e6 7.Qd2 a6 8.O-O-O Bd7
9.f4 Be7 10.Nf3 b5 11.Bxf6 gxf6 12.Kb1 Qb6 13.f5 O-O-O 14.g3 Kb8 15.fxe6 fxe6
16.Bh3 Bc8 17.Qe1 Rhe8 18.Rf1 Bf8 19.Ne2 Bg7 20.Nf4 b4 21.Rf2 a5 22.Rfd2 Ne5
23.Nd4 Nc4 24.Ndxe6 Nxd2+ 25.Qxd2 Bxe6 26.Nxe6 Rd7 27.Qd5 Rb7 28.b3 f5 29.exf5 Be5
30.Bg2 Ra7 31.Rf1 Rc8 32.f6 a4 33.f7 axb3 34.Qxb3 Ra3 35.f8=Q Rxb3+ 36.cxb3 Qa6
37.Qf3 Rc2 38.Kxc2 Qxa2+ 39.Kd3 Qxb3+ 40.Ke4 Qc2+ 41.Ke3  1-0

[Event "Open A"]
[Site "Hamburg GER"]
[Date "2005.10.02"]
[Round "2"]
[White "Klein,Fe"]
[Black "Degtiarev,E"]
[Result "0-1"]
[WhiteElo "2148"]
[BlackElo "2372"]

1.e4 c5 2.Nf3 d6 3.d4 cxd4 4.Nxd4 Nf6 5.Nc3 Nc6 6.Bg5 e6 7.Qd2 a6 8.O-O-O Bd7
9.f3 Rc8 10.Kb1 b5 11.h4 h6 12.Be3 h5 13.Nxc6 Rxc6 14.Bd3 Be7 15.Rhg1 Qb8
16.Ne2 Bd8 17.Nd4 Rc8 18.Rge1 e5 19.Nb3 Be6 20.Bg5 Bb6 21.Bf1 Rc6 22.Na5 Rc7
23.Nb3 Rc6 24.Na5 Bxa5 25.Qxa5 Nd7 26.Be3 O-O 27.Qd2 b4 28.f4 Nf6 29.Bg1 Bg4
30.Rc1 a5 31.Bd3 a4 32.fxe5 dxe5 33.Qg5 Nh7 34.Qe7 a3 35.b3 Rfc8 36.Bc4 Be6
37.Bxe6 Rxe6 38.Qa7 Qb5 39.Qe3 Rg6 40.Qf3 Rc3 41.Qxh5 Rxg2 42.Bd4 Qc6 43.Qxe5 Rcxc2
44.Rg1 Nf6 45.Qf4 Rxc1+ 46.Rxc1 Qxe4+ 47.Qxe4 Nxe4 48.Rc8+ Kh7 49.Rc7 Rd2
50.Be5 f6 51.Rc4 Re2 52.Bf4 Nc3+ 53.Rxc3 bxc3 54.Bd6 Rb2+  0-1

[Event "FSGM October"]
[Site "Budapest HUN"]
[Date "2005.10.03"]
[Round "3"]
[White "Boros,De"]
[Black "Murariu,A"]
[Result "0-1"]
[WhiteElo "2460"]
[BlackElo "2441"]

1.e4 c5 2.Nf3 d6 3.d4 cxd4 4.Nxd4 Nf6 5.Nc3 Nc6 6.Bg5 Bd7 7.Qd2 Rc8 8.f4 h6
9.Bxf6 gxf6 10.O-O-O Nxd4 11.Qxd4 Qa5 12.Kb1 Qc5 13.Qd3 Bg7 14.Qg3 Kf8 15.f5 h5
16.Bd3 Bc6 17.Qf3 e6 18.Ne2 Qe5 19.Rhf1 Re8 20.Qf2 exf5 21.Qxf5 Qxf5 22.Rxf5 Bxe4
23.Bxe4 Rxe4 24.Rf2 h4 25.Nd4 Bh6 26.Rxf6 Bf4 27.Rf1 Rxd4 28.R6xf4 Rxf4 29.Rxf4 Rg8
30.Rf2 Ke7 31.Kc1 Ke6 32.Kd2 f5 33.Kd3 Ke5 34.Re2+ Kf4 35.Kd4 Rg7 36.Rf2+ Kg4
37.Kd5 f4 38.Kxd6 h3 39.Ke6 Rh7 40.gxh3+ Rxh3 41.Ke5 Re3+ 42.Kd4 Re7 43.Rg2+ Kf3
44.Rg5 Ke2 45.Rg2+ Kf1 46.Rg8 f3 47.Kd3 f2 48.Kd2 Rd7+ 49.Kc1 Rd4 50.c3 Rd3
51.Kc2 Ke2 52.Rg2 Rh3 53.Kb3 Ke3 54.Rxf2 Kxf2 55.Kc4 Ke3 56.b4 Rxh2 57.a4 Rc2  0-1

[Event "Open A"]
[Site "Hamburg GER"]
[Date "2005.10.04"]
[Round "4"]
[White "Schroeder,K"]
[Black "Schmidt,Jad"]
[Result "0-1"]
[WhiteElo "2051"]
[BlackElo "1906"]

1.e4 c5 2.Nf3 d6 3.d4 cxd4 4.Nxd4 Nc6 5.Nc3 Nf6 6.Bg5 e6 7.Qd2 a6 8.O-O-O Bd7
9.Bxf6 gxf6 10.Kb1 b5 11.f4 Qb6 12.f5 Nxd4 13.Qxd4 Qxd4 14.Rxd4 Rb8 15.Be2 Ke7
16.Bg4 Bh6 17.Ne2 Bc6 18.Rhd1 Rhd8 19.Bf3 a5 20.b3 Rbc8 21.R4d3 b4 22.c3 bxc3
23.Rxc3 Bd7 24.g4 Rxc3 25.Nxc3 Rc8 26.Rd3 Bf4 27.h3 Be5 28.Nd1 Bb5 29.Rd2 Bf4
30.Rf2 Bd3+ 31.Kb2 Bc1+ 32.Ka1 Ba3 33.Rb2 Rc1+ 34.Rb1 Rxb1+  0-1

[Event "Open A"]
[Site "Hamburg GER"]
[Date "2005.10.07"]
[Round "5"]
[White "Murdzia,P"]
[Black "Perunovic,Mil"]
[Result "1-0"]
[WhiteElo "2448"]
[BlackElo "2514"]

1.e4 c5 2.Nf3 d6 3.d4 cxd4 4.Nxd4 Nf6 5.Nc3 Nc6 6.Bg5 Qb6 7.Nb3 e6 8.Bxf6 gxf6
9.Qh5 Bd7 10.Be2 Rg8 11.O-O Rg6 12.Kh1 Ne5 13.Qh4 Rh6 14.Qg3 Rg6 15.Qh4 Rh6
16.Qf4 Rc8 17.Qd2 Nc4 18.Bxc4 Rxc4 19.f4 Rc8 20.Rad1 Qc7 21.Nd4 a6 22.Nf3 b5
23.a3 a5 24.Nd4 Qb7 25.f5 b4 26.axb4 axb4 27.fxe6 fxe6 28.Nce2 Rc5 29.Nf4 Re5
30.Rde1 Bg7 31.Nf3 Rxe4 32.Rxe4 Qxe4 33.Re1 Qc4 34.b3 Qc3 35.Nxe6 Bxe6 36.Rxe6+ Kf7
37.Qxd6 Bf8 38.Qd7+ Kg8 39.Re8 Qc5 40.Qe6+ Kg7 41.Qd7+ Kg8 42.Nd4  1-0